[Event "XXXIII Memorial Edoardo Crespi A"]
[Site "Milano ITA"]
[Date "2012.12.07"]
[Round "3"]
[White "Di Chiara, Mauro"]
[Black "Nepi, Ezio"]
[WhiteElo "1962"]
[BlackElo "1945"]
[Result "0-1"]
[PlyCount "106"]
[EventDate "2012.12.05"]

1. d4 d5 2. Nf3 Nf6 3. c4 c6 4. g3 Bf5 5. Bg2 e6 6. O-O h6 7. Nbd2 Nbd7 8. b3
Be7 9. Bb2 O-O 10. Ne5 Qc7 11. Rc1 Rad8 12. Nxd7 Rxd7 13. Nf3 Rdd8 14. Ne5 Bd6
15. cxd5 exd5 16. Nd3 Rfe8 17. a3 Qe7 18. Re1 Be4 19. Bf3 Nh7 20. Nc5 Ng5 21.
Nxe4 dxe4 22. Bg2 Qe6 23. e3 Bb8 24. Re2 Rd5 25. Rc5 Red8 26. Rxd5 Rxd5 27. Rc2
Bd6 28. Qf1 Nf3+ 29. Bxf3 exf3 30. Qd1 Qe4 31. Rc1 Rh5 32. Qc2 Qg4 33. Qd1 Rh3
34. d5 Qh5 35. Qd4 f6 36. Kf1 Be5 37. Qc4 Rxh2 38. Ke1 Bxb2 39. dxc6+ Kh8 40.
cxb7 Rh1+ 41. Kd2 Bxc1+ 42. Kc2 Qe5 43. Qc8+ Kh7 44. b8=Q Qb2+ 45. Kd3 Qb1+ 46.
Kc3 Bd2+ 47. Kd4 Bxe3+ 48. fxe3 Rd1+ 49. Kc5 Rc1+ 50. Kb4 Qe4+ 51. Qc4 a5+ 52.
Kc5 Qxe3+ 53. Kb5 Rxc4 0-1

[Event "XXXIII Memorial Edoardo Crespi A"]
[Site "Milano ITA"]
[Date "2012.12.07"]
[Round "3"]
[White "Iacchetti, Giovanni"]
[Black "Ganci, Stefano"]
[WhiteElo "1775"]
[BlackElo "1933"]
[Result "0-1"]
[PlyCount "64"]
[EventDate "2012.12.05"]

1. c4 b6 2. Nf3 Bb7 3. g3 Bxf3 4. exf3 c5 5. Bg2 Nc6 6. f4 Rc8 7. O-O g6 8. Nc3
Bg7 9. Re1 e6 10. Ne4 d6 11. Ng5 Nge7 12. h4 h6 13. Nf3 Nf5 14. Qa4 Qd7 15. Rb1
Ncd4 16. Qxd7+ Kxd7 17. Nxd4 Bxd4 18. Kf1 Rb8 19. a3 b5 20. cxb5 Rxb5 21. b4
Rhb8 22. Be4 cxb4 23. Bd3 R5b6 24. a4 a5 25. Re4 d5 26. Re1 Rc8 27. Ke2 h5 28.
Bb5+ Ke7 29. Kd3 Bxf2 30. Re2 Bxg3 31. Bb2 Bxh4 32. Be5 Bf6 0-1

[Event "XXXIII Memorial Edoardo Crespi A"]
[Site "Milano ITA"]
[Date "2012.12.07"]
[Round "3"]
[White "Miracola, Giorgia"]
[Black "Bonassi, Tommaso"]
[WhiteElo "1839"]
[BlackElo "1944"]
[Result "1-0"]
[PlyCount "53"]
[EventDate "2012.12.05"]

1. e4 c5 2. Nf3 d6 3. d4 cxd4 4. Nxd4 Nf6 5. Nc3 a6 6. Bc4 e6 7. Bb3 Nbd7 8.
Be3 Nc5 9. f3 b5 10. Qd2 Bb7 11. O-O-O Rc8 12. g4 Nxb3+ 13. axb3 Nd7 14. h4 Nc5
15. Kb1 Qc7 16. h5 Be7 17. g5 Rd8 18. g6 Bf6 19. Ndxb5 axb5 20. Nxb5 Qc6 21.
Nxd6+ Rxd6 22. Qxd6 Qxd6 23. Rxd6 Nxe4 24. fxe4 hxg6 25. Rb6 Bxe4 26. Rb8+ Ke7
27. Bc5+ 1-0

[Event "XXXIII Memorial Edoardo Crespi A"]
[Site "Milano ITA"]
[Date "2012.12.07"]
[Round "3"]
[White "Mondal, Prince"]
[Black "Monticone, Sonia"]
[WhiteElo "1930"]
[BlackElo "1854"]
[Result "1/2-1/2"]
[PlyCount "176"]
[EventDate "2012.12.05"]

1. e4 c5 2. Nc3 e6 3. Nf3 a6 4. a4 Qc7 5. g3 d6 6. Bg2 Nf6 7. O-O Be7 8. d3
Nbd7 9. Re1 O-O 10. Nh4 Ne5 11. f4 Nc6 12. Nf3 Rb8 13. h3 b5 14. axb5 axb5 15.
g4 b4 16. Ne2 Bb7 17. Ng3 Ra8 18. Rxa8 Rxa8 19. g5 Ne8 20. f5 Ra1 21. Qe2 Ba6
22. Nh5 e5 23. Bd2 Ra2 24. Rb1 Qb6 25. Be3 Qa5 26. Qd1 g6 27. Ng3 Nc7 28. Nd2
Nd4 29. f6 Bf8 30. Bxd4 cxd4 31. Nb3 Qb5 32. Ne2 Bb7 33. Nbc1 Ra8 34. Ng3 Ne6
35. h4 Nf4 36. Bf3 Qd7 37. Bg4 Qc7 38. Nce2 Bc8 39. Bxc8 Rxc8 40. Rc1 Qd7 41.
Nxf4 exf4 42. Nf1 Qh3 43. Qe1 h6 44. Qf2 Qg4+ 45. Qg2 Qxh4 46. gxh6 Bxh6 47.
Rd1 Qxf6 48. Nh2 Qg5 49. Qxg5 Bxg5 50. Nf3 Bf6 51. Rd2 Kg7 52. Kg2 g5 53. Nh2
Be5 54. Nf3 Kg6 55. Kh3 Rh8+ 56. Kg4 Bf6 57. b3 Rh1 58. Rf2 Be5 59. Rd2 Bg7 60.
Rg2 Bf6 61. Rf2 Rh8 62. Rh2 Rxh2 63. Nxh2 Bd8 64. Nf3 Bf6 65. Nh2 Be5 66. Nf3
f6 67. Nh2 Kf7 68. Kf5 Ke7 69. Nf3 Kd7 70. Nh2 Kc6 71. Nf3 d5 72. Nd2 dxe4 73.
dxe4 Kc5 74. Nf3 Kc6 75. Nd2 Kd6 76. Nf3 Kc5 77. Kg4 Kd6 78. Kf5 Ke7 79. Nd2
Kf7 80. Nf3 Kg7 81. Nd2 Kh6 82. Kg4 Kg6 83. Nf3 Kf7 84. Kf5 Ke7 85. Nd2 Kd6 86.
Nf3 Kc5 87. Kg4 Bc7 88. Kf5 Be5 1/2-1/2

[Event "XXXIII Memorial Edoardo Crespi A"]
[Site "Milano ITA"]
[Date "2012.12.07"]
[Round "3"]
[White "Nardone, Massimo"]
[Black "Pecorario, Stefano"]
[WhiteElo "1925"]
[BlackElo "1774"]
[Result "1/2-1/2"]
[PlyCount "124"]
[EventDate "2012.12.05"]

1. d4 Nf6 2. Nf3 e6 3. e3 b6 4. Bd3 g6 5. O-O c5 6. c3 Bb7 7. Nbd2 d5 8. Re1
Ne4 9. dxc5 Bxc5 10. Bb5+ Bc6 11. Bxc6+ Nxc6 12. Qa4 Qc7 13. Nxe4 dxe4 14. Qxe4
Rd8 15. Nd4 Ne7 16. Bd2 O-O 17. Rec1 Rd5 18. a3 Rfd8 19. f4 e5 20. fxe5 Rxe5
21. Qf3 Nf5 22. g4 Nh4 23. Qg3 Be7 24. e4 g5 25. Be3 Bd6 26. Bxg5 Rxg5 27. Qxh4
Bxh2+ 28. Qxh2 Rxg4+ 29. Kh1 Qe7 30. Rg1 Qxe4+ 31. Rg2 Kh8 32. Nf5 Rdg8 33.
Rag1 Rxg2 34. Rxg2 Rxg2 35. Qxg2 Qxf5 36. Qa8+ Kg7 37. Qxa7 Qb1+ 38. Kh2 Qxb2+
39. Kh1 Qxc3 40. a4 Qc6+ 41. Kg1 h5 42. Kh2 Kg6 43. Qe7 Qc2+ 44. Kh1 Qc6+ 45.
Kh2 f6 46. Qd8 Qe6 47. Qd3+ f5 48. Qg3+ Kh7 49. Qc7+ Kg8 50. Qb8+ Kf7 51. Qc7+
Kf6 52. Qd8+ Ke5 53. Qh8+ Ke4 54. Qxh5 Qa2+ 55. Kh1 Qb1+ 56. Kh2 Qb2+ 57. Kh1
Qc1+ 58. Kg2 Qd2+ 59. Kg3 Qe3+ 60. Kg2 f4 61. Qg6+ Kd4 62. Qxb6+ Kc4 1/2-1/2

[Event "XXXIII Memorial Edoardo Crespi A"]
[Site "Milano ITA"]
[Date "2012.12.07"]
[Round "3"]
[White "Pasquotto, Mirko"]
[Black "Corso, Gabriele"]
[WhiteElo "1870"]
[BlackElo "1804"]
[Result "1-0"]
[PlyCount "60"]
[EventDate "2012.12.05"]

1. d4 d5 2. c4 c6 3. Nf3 Nf6 4. Nc3 dxc4 5. e3 b5 6. a4 b4 7. Na2 e6 8. Bxc4 a5
9. O-O Ba6 10. b3 Be7 11. Bb2 O-O 12. Nc1 Qc7 13. Nd3 Rd8 14. Rc1 Nbd7 15. Qc2
Bxc4 16. Qxc4 Rac8 17. Nfe5 c5 18. dxc5 Nxc5 19. Qf4 Qb7 20. Nxc5 Bxc5 21. Nc4
Qa7 22. Qg5 h6 23. Qg3 Be7 24. Rfd1 Kf8 25. Qe5 Rxd1+ 26. Rxd1 Qc5 27. f3 Ke8
28. Bd4 Qxe5 29. Bxe5 Ra8 30. e4 Rd8 1-0

[Event "XXXIII Memorial Edoardo Crespi A"]
[Site "Milano ITA"]
[Date "2012.12.07"]
[Round "3"]
[White "Penna, Tommaso"]
[Black "Messina, Roberta"]
[WhiteElo "1893"]
[BlackElo "1993"]
[Result "1-0"]
[PlyCount "73"]
[EventDate "2012.12.05"]

1. d4 Nf6 2. c4 Nc6 3. Nf3 e6 4. Nc3 Bb4 5. Qc2 d6 6. Bd2 O-O 7. a3 Bxc3 8.
Bxc3 Qe7 9. e4 e5 10. d5 Nb8 11. Be2 h6 12. O-O Bg4 13. h3 Bh5 14. Rfe1 Bg6 15.
Bd3 Nh5 16. g3 Qd7 17. Kg2 c6 18. dxc6 Nxc6 19. b4 Rac8 20. Qb3 Qe6 21. Qb2 Ne7
22. c5 dxc5 23. Nxe5 cxb4 24. Bxb4 Rfd8 25. Bc4 Qb6 26. Qb3 Rc7 27. Bxf7+ Kh7
28. Bxe7 Qxb3 29. Bxg6+ Kh8 30. Bxd8 Rc2 31. Bxh5 Qb2 32. Ng4 Qb5 33. Bg6 Qc6
34. Bf5 h5 35. Ne5 Qc5 36. Ng6+ Kg8 37. Rf1 1-0

[Event "XXXIII Memorial Edoardo Crespi A"]
[Site "Milano ITA"]
[Date "2012.12.07"]
[Round "3"]
[White "Pepe, Mario"]
[Black "Baltzopoulos, Giorgos"]
[WhiteElo "1993"]
[BlackElo "1956"]
[Result "0-1"]
[PlyCount "76"]
[EventDate "2012.12.05"]

1. e4 c5 2. Nf3 d6 3. Bb5+ Nd7 4. O-O Ngf6 5. d3 a6 6. Bxd7+ Nxd7 7. a4 g6 8.
a5 Bg7 9. Nbd2 O-O 10. Nc4 b5 11. axb6 Nxb6 12. Ne3 Bb7 13. Ra2 c4 14. Bd2 Qd7
15. Ba5 Nc8 16. Nxc4 d5 17. exd5 Qxd5 18. b3 Qc5 19. Bd2 Nd6 20. Be3 Qh5 21.
Nfe5 Qf5 22. Nxd6 exd6 23. Nc4 Rad8 24. Bb6 Qg5 25. Ne3 Rde8 26. Ra5 f5 27. g3
Bc3 28. Ra4 f4 29. Ng2 Qd5 30. f3 Qb5 31. Ba7 fxg3 32. hxg3 Be5 33. Kh2 Rf5 34.
d4 Rh5+ 35. Kg1 Bxg3 36. c4 Qd7 37. Re1 Bxe1 38. Nxe1 Qh3 0-1

[Event "XXXIII Memorial Edoardo Crespi A"]
[Site "Milano ITA"]
[Date "2012.12.07"]
[Round "3"]
[White "Primerano, Carlo"]
[Black "Papale, Carmelo"]
[WhiteElo "1773"]
[BlackElo "1885"]
[Result "1-0"]
[PlyCount "69"]
[EventDate "2012.12.05"]

1. d4 Nf6 2. c4 c5 3. d5 b5 4. cxb5 a6 5. bxa6 Bxa6 6. Nc3 d6 7. f4 g6 8. Nf3
Bg7 9. e4 Bxf1 10. Rxf1 Qb6 11. e5 Ng4 12. Ng5 Nh6 13. e6 f5 14. h3 O-O 15. Qc2
Na6 16. a3 Rfb8 17. Rb1 c4 18. Nd1 Qc5 19. Ne3 Rc8 20. Nf3 Rab8 21. Rf2 Rb3 22.
Re2 Qb5 23. Nd2 Rd3 24. b4 Rc3 25. Qd1 Qb6 26. Ndf1 Rd3 27. Qa4 Nc5 28. Qa5
Qxa5 29. bxa5 Ne4 30. Rc2 Bc3+ 31. Ke2 Bxa5 32. Rxc4 Rxe3+ 33. Nxe3 Nc3+ 34.
Kd3 Rxc4 35. Rb8+ 1-0

[Event "XXXIII Memorial Edoardo Crespi A"]
[Site "Milano ITA"]
[Date "2012.12.07"]
[Round "3"]
[White "Reale, Simone"]
[Black "D'Agostino, Maurizio"]
[WhiteElo "1880"]
[BlackElo "2008"]
[Result "0-1"]
[PlyCount "64"]
[EventDate "2012.12.05"]

1. d4 Nf6 2. c4 e5 3. dxe5 Ng4 4. Nf3 Bc5 5. e3 Nc6 6. Be2 O-O 7. Nc3 Re8 8.
O-O Ngxe5 9. Nxe5 Nxe5 10. b3 a5 11. Bb2 Ra6 12. Na4 Bf8 13. Qd5 Rae6 14. Rad1
d6 15. Nc5 Rh6 16. Bxe5 c6 17. Qd4 Qe7 18. Bf4 dxc5 19. Qc3 g5 20. Bg3 f5 21.
Bd3 Bg7 22. Qxa5 Be5 23. f4 Bc7 24. Qd2 g4 25. Rfe1 Rd6 26. Qc2 Ba5 27. Re2
Red8 28. Be1 Bxe1 29. Rexe1 h5 30. e4 fxe4 31. Rxe4 Qxe4 32. Bxe4 Rxd1+ 0-1

[Event "XXXIII Memorial Edoardo Crespi A"]
[Site "Milano ITA"]
[Date "2012.12.07"]
[Round "3"]
[White "Regorda, Vittorio"]
[Black "Mouflih, Caesar Faycal"]
[WhiteElo "1801"]
[BlackElo "1982"]
[Result "0-1"]
[PlyCount "118"]
[EventDate "2012.12.05"]

1. d4 d5 2. c4 c6 3. Nf3 Nf6 4. g3 e6 5. Bg2 Be7 6. O-O O-O 7. Nbd2 Nbd7 8. Qc2
c5 9. e4 cxd4 10. cxd5 exd5 11. e5 Ng4 12. Re1 Bc5 13. Qd3 Re8 14. Nb3 Ndxe5
15. Nxe5 Nxe5 16. Rxe5 Rxe5 17. Bf4 Bf5 18. Qd2 Bd6 19. Bxe5 Bxe5 20. Nxd4 Be4
21. f3 Bg6 22. f4 Bf6 23. Rd1 Qb6 24. Kh1 Bh5 25. Nf3 Rd8 26. h3 Bg6 27. g4 Be4
28. Nd4 g6 29. b3 Kf8 30. g5 Bxd4 31. Qxd4 Qxd4 32. Rxd4 Bxg2+ 33. Kxg2 Ke7 34.
Kf3 Ke6 35. Kg4 f5+ 36. Kf3 Kd6 37. Ke3 Re8+ 38. Kd3 Re4 39. a4 a5 40. Rxe4
dxe4+ 41. Kd4 b6 42. h4 Kc6 43. Kc4 e3 44. Kd3 Kc5 45. Kxe3 Kb4 46. Kd4 Kxb3
47. Ke5 Kxa4 48. h5 b5 49. hxg6 hxg6 50. Kf6 b4 51. Kxg6 b3 52. Kxf5 b2 53. g6
b1=Q+ 54. Kg5 Qg1+ 55. Kf6 Qb6+ 56. Kg5 Qd8+ 57. Kf5 Qe7 58. Kg4 Qf6 59. Kh5
Kb5 0-1

[Event "XXXIII Memorial Edoardo Crespi A"]
[Site "Milano ITA"]
[Date "2012.12.07"]
[Round "3"]
[White "Rossi, Giampiero"]
[Black "Cervini, Gian Piero"]
[WhiteElo "1896"]
[BlackElo "1800"]
[Result "1-0"]
[PlyCount "75"]
[EventDate "2012.12.05"]

1. d4 Nf6 2. c4 g6 3. g3 Bg7 4. Bg2 d6 5. Nc3 O-O 6. Nf3 c6 7. O-O Nbd7 8. Qc2
e5 9. Rd1 exd4 10. Nxd4 Nc5 11. Bf4 Nh5 12. Nxc6 bxc6 13. Bxd6 Qb6 14. Bxf8
Kxf8 15. Qd2 Bb7 16. Rab1 Ne6 17. Na4 Qa6 18. b3 Kg8 19. e3 Nf6 20. f4 c5 21.
Qc2 Bxg2 22. Qxg2 Re8 23. Re1 Qa5 24. Rbd1 Nd4 25. Kf1 Nf5 26. e4 Nd4 27. e5
Ng4 28. h3 Nh6 29. Qd5 Nhf5 30. g4 Ng3+ 31. Kf2 Rd8 32. Qxc5 Qxe1+ 33. Rxe1 Nc2
34. Kxg3 Nxe1 35. Qxa7 Rd2 36. Qg1 Rd3+ 37. Kf2 Nf3 38. Qf1 1-0

[Event "XXXIII Memorial Edoardo Crespi A"]
[Site "Milano ITA"]
[Date "2012.12.07"]
[Round "3"]
[White "Villalba, Fernando"]
[Black "Dassisti, Alberto"]
[WhiteElo "1852"]
[BlackElo "1921"]
[Result "1-0"]
[PlyCount "37"]
[EventDate "2012.12.05"]

1. d4 d5 2. Nf3 Nf6 3. Bf4 e6 4. e3 Nbd7 5. Nbd2 Be7 6. c3 Nh5 7. Bg3 Nxg3 8.
hxg3 c5 9. dxc5 Bxc5 10. Bb5 a6 11. Ba4 b5 12. Bc2 Bb7 13. O-O h5 14. e4 Nf6
15. exd5 Bxd5 16. Nb3 Bd6 17. Re1 Ng4 18. Qxd5 Nxf2 19. Qc6+ 1-0

[Event "XXXIII Memorial Edoardo Crespi A"]
[Site "Milano ITA"]
[Date "2012.12.08"]
[Round "4"]
[White "Bisignano, Giuseppe"]
[Black "Nardone, Massimo"]
[WhiteElo "1895"]
[BlackElo "1925"]
[Result "1-0"]
[PlyCount "29"]
[EventDate "2012.12.05"]

1. e4 b6 2. Nc3 Bb7 3. Bc4 e6 4. Qe2 c5 5. Nf3 d6 6. d3 Nf6 7. O-O Be7 8. e5
dxe5 9. Nxe5 Bc8 10. Qf3 Qc7 11. Bb5+ Kf8 12. Qxa8 Qxe5 13. Bd2 Bd6 14. g3 h5
15. Bf4 1-0

[Event "XXXIII Memorial Edoardo Crespi A"]
[Site "Milano ITA"]
[Date "2012.12.08"]
[Round "4"]
[White "Bonassi, Tommaso"]
[Black "D'Avino, Gianfranco"]
[WhiteElo "1944"]
[BlackElo "1855"]
[Result "1-0"]
[PlyCount "105"]
[EventDate "2012.12.05"]

1. e4 e6 2. d4 d5 3. Nc3 Bb4 4. e5 c5 5. Qg4 Ne7 6. dxc5 Bxc3+ 7. bxc3 Qc7 8.
Nf3 Qxc5 9. Bd2 Nbc6 10. Bd3 Bd7 11. O-O O-O-O 12. Rab1 f5 13. Qg3 Na5 14. Be3
Qc7 15. Bxa7 Nc4 16. Bxc4 Qxc4 17. Bb6 Rdg8 18. Nd4 g5 19. Rb3 f4 20. Qf3 h5
21. Ra3 Kb8 22. Rb1 Nc6 23. Nb5 Nxe5 24. Bc7+ Qxc7 25. Ra8+ Kxa8 26. Nxc7+ Kb8
27. Qe2 Kxc7 28. Qxe5+ Kc8 29. a4 Rh6 30. a5 Rhg6 31. a6 b5 32. a7 Kb7 33. Qd6
Bc6 34. Ra1 Ra8 35. Qe7+ Kb6 36. Qf7 Be8 37. Qf8 Bc6 38. Qd6 Kb7 39. Kf1 Kb6
40. Ke1 Kb7 41. Kd1 Kb6 42. Kc1 Kb7 43. Kb2 Kb6 44. Kb3 Kb7 45. Kb4 Kb6 46.
Qc5+ Kb7 47. Qe7+ Kb6 48. Qd6 h4 49. Qb8+ Bb7 50. Ra5 Rg7 51. Qd6+ Bc6 52.
Rxb5+ Kxa7 53. Qxc6 1-0

[Event "XXXIII Memorial Edoardo Crespi A"]
[Site "Milano ITA"]
[Date "2012.12.08"]
[Round "4"]
[White "Brioschi, Camillo"]
[Black "Brociner, Beniamino"]
[WhiteElo "1812"]
[BlackElo "1965"]
[Result "1/2-1/2"]
[PlyCount "90"]
[EventDate "2012.12.05"]

1. d4 Nf6 2. c4 e6 3. Nc3 Bb4 4. e3 b6 5. Nge2 Bb7 6. Ng3 c5 7. f3 d6 8. Bd3
Nc6 9. a3 Ba5 10. Nge2 a6 11. O-O Bxc3 12. bxc3 e5 13. d5 Ne7 14. Ng3 Bc8 15.
Qc2 Qd7 16. f4 Qg4 17. fxe5 dxe5 18. e4 O-O 19. Be3 Qh4 20. Bf2 Ng4 21. h3 Nxf2
22. Qxf2 Ng6 23. Nf5 Qxf2+ 24. Rxf2 Nf4 25. Bf1 Bd7 26. Rb2 Rfb8 27. Rab1 b5
28. a4 Rf8 29. cxb5 axb5 30. Bxb5 Bxf5 31. exf5 Nxd5 32. Rb3 Ne7 33. g4 Rfd8
34. Kf1 Kf8 35. Ke1 Ra5 36. c4 Nc8 37. Rd1 Rxd1+ 38. Kxd1 Nd6 39. Rd3 Nxb5 40.
axb5 Ra4 41. Rc3 Ke7 42. Kd2 f6 43. Kd3 Ra7 44. Ke4 Rd7 45. Rd3 Rd4+ 1/2-1/2

[Event "XXXIII Memorial Edoardo Crespi A"]
[Site "Milano ITA"]
[Date "2012.12.08"]
[Round "4"]
[White "Castrogiovanni, Carlo"]
[Black "Pasquotto, Mirko"]
[WhiteElo "1996"]
[BlackElo "1870"]
[Result "1/2-1/2"]
[PlyCount "66"]
[EventDate "2012.12.05"]

1. d4 Nf6 2. c4 g6 3. Nf3 Bg7 4. g3 O-O 5. Bg2 d6 6. O-O Nbd7 7. Nc3 e5 8. dxe5
Nxe5 9. Nxe5 dxe5 10. Bg5 h6 11. Qxd8 Rxd8 12. Bxf6 Bxf6 13. Nd5 Bg7 14. Nxc7
Rb8 15. Rad1 Bg4 16. f3 Rd7 17. Rxd7 Bxd7 18. Rd1 Bc6 19. b3 Bf8 20. Kf2 Bc5+
21. e3 Rc8 22. Nd5 a5 23. a4 f5 24. Ke2 Kf7 25. Bh3 Rf8 26. e4 fxe4 27. fxe4
Kg7 28. Rf1 Rxf1 29. Kxf1 b6 30. Be6 Be8 31. Nc3 Bc6 32. Bd5 Bd7 33. h4 Bg4
1/2-1/2

[Event "XXXIII Memorial Edoardo Crespi A"]
[Site "Milano ITA"]
[Date "2012.12.08"]
[Round "4"]
[White "Cervini, Gian Piero"]
[Black "Ceka, Shpetim"]
[WhiteElo "1800"]
[BlackElo "1862"]
[Result "0-1"]
[PlyCount "114"]
[EventDate "2012.12.05"]

1. e4 c5 2. c3 Nf6 3. e5 Nd5 4. Nf3 Nc6 5. d4 e6 6. Bd3 Qb6 7. Na3 cxd4 8. Nc4
Qc7 9. cxd4 b5 10. Ne3 Bb4+ 11. Bd2 Nf4 12. Bxb5 Qa5 13. Bxc6 Nd3+ 14. Kf1 dxc6
15. Bxb4 Nxb4 16. a3 Qb5+ 17. Qe2 Nd3 18. b4 Ba6 19. Kg1 Qb6 20. Qc2 Nf4 21. g3
Bd3 22. Qb3 Ne2+ 23. Kg2 Be4 24. Nc4 Qxd4 25. Nd6+ Ke7 26. Nxe4 Qxe4 27. Rhe1
g5 28. Kf1 g4 29. Rxe2 Qxf3 30. Qxf3 gxf3 31. Re3 h5 32. Rxf3 h4 33. Ke2 Rh5
34. Re3 a5 35. Rc1 axb4 36. axb4 Ra2+ 37. Kd3 Rxf2 38. g4 Rg5 39. h3 Rf4 40.
Rc4 Rxc4 41. Kxc4 Kd7 42. Kd4 Rg8 43. Rf3 Ke7 44. Ra3 Rb8 45. Ra7+ Ke8 46. Kc4
Rb5 47. Rc7 Rxe5 48. Rxc6 Kd7 49. Rc5 Re3 50. b5 Rxh3 51. b6 Rh1 52. Kb5 h3 53.
Ka6 h2 54. Rc7+ Kd6 55. Kb7 Rb1 56. Rc6+ Ke5 57. Kc7 h1=Q 0-1

[Event "XXXIII Memorial Edoardo Crespi A"]
[Site "Milano ITA"]
[Date "2012.12.08"]
[Round "4"]
[White "Consalvo, Gerardo"]
[Black "Miracola, Giorgia"]
[WhiteElo "1959"]
[BlackElo "1839"]
[Result "0-1"]
[PlyCount "102"]
[EventDate "2012.12.05"]

1. e4 Nf6 2. e5 Nd5 3. d4 d6 4. Bc4 c6 5. f4 g6 6. Nf3 Bg7 7. Nc3 Nc7 8. O-O
O-O 9. Ne2 dxe5 10. fxe5 c5 11. Ng5 Be6 12. Nxe6 Nxe6 13. c3 cxd4 14. cxd4 Nc6
15. Be3 Qb6 16. Qd2 Rad8 17. Bxe6 fxe6 18. Rxf8+ Kxf8 19. Qc3 Nb4 20. d5 Qa6
21. Qc7 Ke8 22. Nf4 Nxd5 23. Nxd5 exd5 24. Bg5 Qb6+ 25. Qxb6 axb6 26. Bf4 Kd7
27. Rd1 Ke6 28. Kf2 Rc8 29. Rd2 Rc4 30. g3 Bxe5 31. Bxe5 Kxe5 32. Re2+ Re4 33.
Rc2 Kd6 34. Rc8 Rc4 35. Rd8+ Ke6 36. Rb8 Rc2+ 37. Kf3 Rxb2 38. Rxb7 Rxa2 39.
Rxb6+ Kf5 40. h4 Ra3+ 41. Kg2 e5 42. Rb7 Kg4 43. Rxh7 Rxg3+ 44. Kf2 Rh3 45. Re7
Kf4 46. Rf7+ Ke4 47. Rh7 d4 48. Kg2 Rf3 49. Rg7 Rf6 50. Rd7 d3 51. Rd8 Ke3 0-1

[Event "XXXIII Memorial Edoardo Crespi A"]
[Site "Milano ITA"]
[Date "2012.12.08"]
[Round "4"]
[White "D'Agostino, Maurizio"]
[Black "Rossi, Giampiero"]
[WhiteElo "2008"]
[BlackElo "1896"]
[Result "1/2-1/2"]
[PlyCount "63"]
[EventDate "2012.12.05"]

1. d4 d5 2. Bf4 c6 3. c3 Bf5 4. Nd2 e6 5. Ngf3 Nd7 6. Qb3 Qb6 7. Nh4 Qxb3 8.
axb3 a6 9. Nxf5 exf5 10. e3 Ngf6 11. Bd3 g6 12. h3 Bg7 13. Bd6 Ne4 14. Bxe4
fxe4 15. O-O Bf8 16. Bh2 Be7 17. b4 O-O 18. Nb3 Rfc8 19. Ra2 Bd8 20. f3 exf3
21. Rxf3 Bc7 22. Ra1 Bxh2+ 23. Kxh2 Rc7 24. Raf1 Nb6 25. Na5 Re8 26. Kg1 Nc8
27. Nb3 Nd6 28. Nd2 Rce7 29. Kf2 f5 30. Re1 Ne4+ 31. Nxe4 Rxe4 32. g3 1/2-1/2

[Event "XXXIII Memorial Edoardo Crespi A"]
[Site "Milano ITA"]
[Date "2012.12.08"]
[Round "4"]
[White "Dassisti, Alberto"]
[Black "Iacchetti, Giovanni"]
[WhiteElo "1921"]
[BlackElo "1775"]
[Result "1-0"]
[PlyCount "73"]
[EventDate "2012.12.05"]

1. e4 d6 2. Nc3 g6 3. g3 Bg7 4. Bg2 Nf6 5. d3 O-O 6. Nf3 c5 7. O-O Nc6 8. Nh4
Bg4 9. f3 Bd7 10. Rb1 Nd4 11. Ne2 Ne8 12. c3 Nc6 13. f4 Bg4 14. h3 Bd7 15. g4
e5 16. Nf3 exf4 17. Bxf4 Ne5 18. Nxe5 dxe5 19. Be3 Qe7 20. b4 b6 21. bxc5 bxc5
22. Rb7 Qd6 23. Qc2 Bc6 24. Rbb1 Nc7 25. Rfd1 Ne6 26. Rbc1 Nf4 27. Nxf4 exf4
28. Bf2 Rfd8 29. d4 cxd4 30. cxd4 f3 31. Qxc6 Qf4 32. Bh1 Bxd4 33. Rxd4 Rxd4
34. Qxa8+ Kg7 35. Bxd4+ f6 36. Qxa7+ Kh6 37. Be3 1-0

[Event "XXXIII Memorial Edoardo Crespi A"]
[Site "Milano ITA"]
[Date "2012.12.08"]
[Round "4"]
[White "Deghi, Donatello"]
[Black "Aliberti, Emilio"]
[WhiteElo "1800"]
[BlackElo "1899"]
[Result "1/2-1/2"]
[PlyCount "114"]
[EventDate "2012.12.05"]

1. d4 d5 2. f4 Bf5 3. Nf3 Nf6 4. e3 e6 5. Be2 c5 6. c3 Nc6 7. O-O Bd6 8. Ne5
Bxb1 9. Rxb1 O-O 10. b3 Ne4 11. Bd2 f6 12. Nxc6 bxc6 13. b4 c4 14. Bf3 f5 15.
Bxe4 fxe4 16. a3 Qe7 17. a4 g6 18. a5 a6 19. Kh1 Kf7 20. Qg4 Ke8 21. Be1 Kd7
22. Bh4 Qf7 23. Bg5 Rh8 24. Bh6 Rag8 25. g3 Qf5 26. Qxf5 gxf5 27. Bg5 Rg6 28.
h3 Rhg8 29. Kh2 h5 30. h4 Rb8 31. Rbc1 Rgg8 32. Rf2 Rb7 33. Bf6 Ke8 34. Bg5 Kf7
35. Ra2 Rgb8 36. Kg2 Ke8 37. Kf2 Kd7 38. Bf6 Rg8 39. Bg5 Ke8 40. Kg2 Rbg7 41.
Kf2 Kf7 42. Rg1 Kg6 43. Rc2 Rb8 44. Ra2 Rgb7 45. Rc1 Kf7 46. Ke2 Ke8 47. Kf2
Kd7 48. Bf6 Rf8 49. Bg5 Rb5 50. Ke2 Ke8 51. Kf2 Rb7 52. Ke2 Be7 53. Bxe7 Rxe7
54. Kf2 Rg7 55. Rg1 Rfg8 56. Raa1 Kd7 57. Rad1 Rg4 1/2-1/2

[Event "XXXIII Memorial Edoardo Crespi A"]
[Site "Milano ITA"]
[Date "2012.12.08"]
[Round "4"]
[White "Di Chiara, Mauro"]
[Black "Gemelli, Giovanni"]
[WhiteElo "1962"]
[BlackElo "1845"]
[Result "0-1"]
[PlyCount "130"]
[EventDate "2012.12.05"]

1. Nf3 Nf6 2. c4 g6 3. Nc3 Bg7 4. e4 d6 5. Be2 O-O 6. O-O e5 7. d4 Nc6 8. d5
Ne7 9. Ne1 Nd7 10. Be3 f5 11. f3 Nf6 12. c5 f4 13. Bf2 g5 14. cxd6 cxd6 15. a4
h5 16. a5 g4 17. Nb5 a6 18. Bb6 Qd7 19. Nc7 Rb8 20. Ne6 g3 21. Nxf8 gxh2+ 22.
Kh1 Bxf8 23. Rc1 Ne8 24. Rc3 h4 25. Qc2 Ng6 26. Nd3 h3 27. Rf2 Be7 28. gxh3 Bh4
29. Rg2 Bg3 30. Nf2 Nh4 31. Ng4 Nxg2 32. Rc7 Ne3 33. Qb3 Nxg4 34. Rxd7 Bxd7 35.
fxg4 Rc8 36. Qd1 Nc7 37. b3 Bb5 38. Bc4 Bxc4 39. bxc4 Na8 40. Qb3 Nxb6 41. axb6
Kf7 42. Qa4 Ke7 43. Qb4 Rc5 44. g5 Rc8 45. g6 Bf2 46. Kxh2 Rg8 47. Kg2 Bc5 48.
Qb3 Rxg6+ 49. Kf1 Be3 50. Ke2 Rg2+ 51. Kd3 Rd2+ 52. Kc3 Re2 53. Qd1 Bd4+ 54.
Kd3 Rb2 55. Qh5 Rxb6 56. Qh7+ Kd8 57. Qg8+ Kc7 58. Qe8 Bc5 59. Qa4 Kb8 60. Qe8+
Ka7 61. Qa4 Rb4 62. Qa2 Rb6 63. Kc3 a5 64. Qg2 Bd4+ 65. Kd3 Rb3+ 0-1

[Event "XXXIII Memorial Edoardo Crespi A"]
[Site "Milano ITA"]
[Date "2012.12.08"]
[Round "4"]
[White "Ganci, Stefano"]
[Black "Primerano, Carlo"]
[WhiteElo "1933"]
[BlackElo "1773"]
[Result "1-0"]
[PlyCount "105"]
[EventDate "2012.12.05"]

1. b4 e5 2. Bb2 d6 3. c4 Nf6 4. e3 g6 5. Nc3 Bg7 6. Nf3 O-O 7. d4 Nfd7 8. Be2
f5 9. dxe5 dxe5 10. Qb3 Kh8 11. O-O c6 12. Rad1 Qc7 13. a4 Nf6 14. c5 e4 15.
Nd4 Re8 16. Rfe1 Ng4 17. g3 Ne5 18. Rd2 Qf7 19. Qxf7 Nxf7 20. Kg2 Nd7 21. Rb1
Nde5 22. b5 Bd7 23. bxc6 bxc6 24. Ba1 Reb8 25. Rdb2 Rxb2 26. Rxb2 Bf8 27. f3
exf3+ 28. Nxf3 Bxc5 29. Kf2 Kg8 30. Nd4 Nd6 31. Nb3 Bb6 32. Rb1 Nec4 33. Nd4
Re8 34. Nd1 Ne4+ 35. Ke1 Ba5+ 36. Bc3 Bxc3+ 37. Nxc3 Nxc3 38. Bxc4+ Kh8 39. Rb7
Bc8 40. Rxa7 Nd5 41. Bxd5 cxd5 42. Kd2 Kg8 43. a5 Kh8 44. Nb5 Re6 45. Nd4 Ra6
46. Rxa6 Bxa6 47. Kc3 Kg8 48. Kb4 Kf7 49. Kc5 Ke7 50. Nc6+ Ke6 51. Nb4 Bc4 52.
a6 Bxa6 53. Nxa6 1-0

[Event "XXXIII Memorial Edoardo Crespi A"]
[Site "Milano ITA"]
[Date "2012.12.08"]
[Round "4"]
[White "Marincolo, Piercarlo"]
[Black "Picone, Franco"]
[WhiteElo "1950"]
[BlackElo "1848"]
[Result "1-0"]
[PlyCount "57"]
[EventDate "2012.12.05"]

1. d4 f5 2. Qd3 d5 3. Nc3 Nf6 4. Bg5 e6 5. g4 Be7 6. gxf5 exf5 7. Bh3 Ne4 8.
Bxe7 Kxe7 9. O-O-O Kf6 10. Nxe4+ fxe4 11. Qg3 Nc6 12. f3 Qd6 13. Qh4+ Kf7 14.
fxe4 dxe4 15. Qxe4 Qh6+ 16. e3 Bxh3 17. Qf3+ Ke7 18. Nxh3 Rad8 19. c3 Rhf8 20.
Qg3 Rd6 21. Rhg1 Kd8 22. Nf4 g6 23. d5 Ne7 24. Ne6+ Kc8 25. Nxf8 Qxf8 26. Qh3+
Kb8 27. Rgf1 Rf6 28. Rxf6 Qxf6 29. Rf1 1-0